Sports Quiz

Random Sports or NBA Quiz

ESPN Top 100 Players 2017-2018 Quiz Stats

 Plays Quiz not verified by Sporcle

Score 0/100 Timer 15:00
1 Play Today
Team Answer % Correct
CavaliersLeBron James
99.2%
WarriorsKevin Durant
97.8%
WarriorsSteph Curry
96.9%
ThunderRussell Westbrook
95.3%
RocketsChris Paul
95.3%
RocketsJames Harden
95.3%
SpursKawhi Leonard
95%
WarriorsDraymond Green
95%
ThunderPaul George
95%
PelicansAnthony Davis
94.7%
WarriorsKlay Thompson
94.7%
TimberwolvesJimmy Butler
94.2%
TimberwolvesKarl Anthony Towns
94.2%
WizardsJohn Wall
93.9%
SpursDanny Green
93.6%
PelicansDeMarcus Cousins
93.1%
CelticsKyrie Irving
93.1%
CavaliersTristan Thompson
93.1%
BlazersDamian Lillard
91.9%
CelticsGordon Hayward
91.4%
RaptorsKyle Lowry
91.4%
JazzRudy Gobert
91.1%
CavaliersKevin Love
90.8%
ClippersBlake Griffin
90.3%
WizardsBradley Beal
90.3%
GrizzliesMarc Gasol
90%
NuggetsNikola Jokic
89.4%
ClippersDeandre Jordan
89.4%
HornetsKemba Walker
89.4%
CavaliersIsaiah Thomas
88.9%
KnicksKristaps Porzingis
88.6%
GrizzliesMike Conley
88.6%
SpursPau Gasol
88.6%
RaptorsDeMar Derozan
88.1%
Team Answer % Correct
76ersJoel Embiid
87.2%
ThunderCarmelo Anthony
86.7%
BucksGiannis Antetokounmpo
86.1%
BlazersCJ McCollum
86.1%
HeatHassan Whiteside
82.8%
NuggetsPaul Millsap
81.9%
CelticsAl Horford
80.8%
SunsDevin Booker
80.6%
LakersLonzo Ball
80.6%
SunsEric Bledsoe
80.3%
SpursPatty Mills
78.6%
ThunderSteven Adams
77.2%
PacersMyles Turner
76.1%
TimberwolvesAndrew Wiggins
75.8%
BucksKhris Middleton
75.3%
76ersBen Simmons
74.7%
HeatGoran Dragic
73.1%
SpursLaMarcus Aldridge
72.5%
PistonsAndre Drummond
72.5%
CavaliersJae Crowder
70.3%
MavericksDirk Nowitzki
69.2%
LakersBrook Lopez
68.6%
MagicAaron Gordon
67.5%
WarriorsAndre Iguodala
67.2%
PelicansJrue Holiday
67.2%
RocketsEric Gordon
66.9%
76ersMarkelle Fultz
65.8%
PacersVictor Oladipo
64.2%
JazzRicky Rubio
63.1%
MavericksHarrison Barnes
61.7%
BlazersJusuf Nurkic
61.1%
RocketsClint Capela
58.3%
76ersJJ Redick
57.5%
PistonsAvery Bradley
55%
Team Answer % Correct
TimberwolvesJeff Teague
54.7%
NetsD'Angelo Russell
54.7%
ClippersPatrick Beverley
54.4%
KingsGeorge Hill
54.2%
HornetsNicolas Batum
53.9%
RocketsTrevor Ariza
52.5%
RaptorsSerge Ibaka
51.9%
ClippersLou Williams
51.1%
BucksMalcolm Brogdon
50.6%
CelticsMarcus Smart
48.9%
WizardsMarkieff Morris
48.9%
HeatJames Johnson
48.3%
ClippersDanilo Gallinari
47.8%
RocketsRyan Anderson
47.8%
76ersRobert Covington
47.2%
NuggetsGary Harris
45.8%
HeatDion Waiters
45.6%
BucksGreg Monroe
44.7%
ThunderAndre Roberson
44.2%
JazzDerrick Favors
43.3%
HawksDennis Schroder
43.3%
SpursManu Ginobili
43.3%
JazzRodney Hood
40%
WizardsOtto Porter Jr
37.8%
LakersKentavious Caldwell-Pope
36.9%
MavericksNerlens Noel
35.3%
Bulls (or FA as of 9/15)Nikola Mirotic
33.9%
HornetsCody Zeller
33.9%
HornetsMichael Kidd-Gilchrist
33.6%
TimberwolvesGorgui Dieng
32.2%
ThunderPatrick Patterson
28.1%
MavericksDennis Smith Jr
27.8%

You're not logged in!

Compare scores with friends on all Sporcle quizzes.
OR
Log In

Sporcle TV

Today on Sporcle TV


Watch our educational content, quiz creation guides, and fun videos on Sporcle TV.

Show Comments

Extras

Created Sep 15, 2017SourceReportNominate
Tags:NBA Quiz, ESPN, NBA Player

Top Quizzes Today


Score Distribution

Your Account Isn't Verified!

In order to create a playlist on Sporcle, you need to verify the email address you used during registration. Go to your Sporcle Settings to finish the process.

Report this User

Report this user for behavior that violates our Community Guidelines.

Details: